[Event "Piestany Slovakia op-B"]
[Site "Piestany"]
[Date "2024.07.17"]
[Round "9"]
[White "Meszaros, Casey Ryan"]
[Black "Dovbysh, Timur"]
[Result "1/2-1/2"]
[WhiteElo "2000"]
[BlackElo "1696"]
[PlyCount "51"]
[EventDate "2024.07.09"]
[EventType "swiss"]
[EventRounds "9"]
[EventCountry "SVK"]
[SourceTitle "EXT 2025"]
[Source "ChessBase"]
[SourceDate "2024.10.14"]
[SourceVersion "1"]
[SourceVersionDate "2024.10.14"]
[SourceQuality "1"]

1. e4 c5 2. Nf3 Nc6 3. Bb5 g6 4. 0-0 Bg7 5. d3 d6 6. e5 dxe5 7. Bxc6+ bxc6 8. Re1 c4 9. Nxe5 cxd3 10. cxd3 Be6 11. Nc3 Nf6 12. Qa4 0-0 13. Nxc6 Qxd3 14. Nxe7+ Kh8 15. Bg5 Qc4 16. Qxc4 Bxc4 17. Rad1 Be6 18. Bxf6 Bxf6 19. Ned5 Bxd5 20. Rxd5 Rab8 21. Rb5 Bxc3 22. Rxb8 Rxb8 23. bxc3 Rb2 24. Rc1 Rxa2 25. c4 Ra6 26. Kf1 1/2-1/2

[Event "Piestany Slovakia op-B"]
[Site "Piestany"]
[Date "2024.07.15"]
[Round "7"]
[White "Striskova, Lucia"]
[Black "Dovbysh, Timur"]
[Result "0-1"]
[WhiteElo "1977"]
[BlackElo "1696"]
[PlyCount "54"]
[EventDate "2024.07.09"]
[EventType "swiss"]
[EventRounds "9"]
[EventCountry "SVK"]
[SourceTitle "EXT 2025"]
[Source "ChessBase"]
[SourceDate "2024.10.14"]
[SourceVersion "1"]
[SourceVersionDate "2024.10.14"]
[SourceQuality "1"]

1. e4 c5 2. Nf3 Nc6 3. Bb5 g6 4. 0-0 Bg7 5. Re1 Nf6 6. c3 0-0 7. d4 d5 8. exd5 Qxd5 9. c4 Qd6 10. d5 Nd4 11. Nxd4 cxd4 12. h3 a6 13. Ba4 b5 14. Bb3 bxc4 15. Bxc4 Nxd5 16. Bxd5 Qxd5 17. Rxe7 Bb7 18. Qf1 Rfe8 19. Rxe8+ Rxe8 20. Bd2 Rc8 21. Na3 d3 22. Rd1 Bxb2 23. Bb4 Rc1 24. Rxc1 Bxc1 25. Nb1 d2 26. Nc3 Qd4 27. Ba5 Qc5 0-1